000 01362nam a2200349 i 4500
001 bg
003 KOSZ 005
005 20210602102732.0
008 981003s1998 pl a f f |001 0 pol
015 _aPB 1998/12671
020 _a8387673137
035 _a(OCoLC)830136284
040 _aWA N
_cKOSZ 005/HR
_dKOSZ 005/HR
041 1 _apol
_gfre
_hger
080 _a340.12
080 _a34(438)
080 _a(075.8)
100 1 _aRedelbach, Andrzej
_d(1946-2006)
_eAutor
245 1 0 _aWstęp do prawoznawstwa :
_bpodstawowe pojęcia nauk o władzy, państwie i prawie w perspektywie Unii Europejskiej /
_cAndrzej Redelbach.
260 _aToruń :
_bTowarzystwo Naukowe Organizacji i Kierownictwa "Dom Organizatora",
_c1998.
300 _a[4], 512, [1] s. :
_bfaks. ;
_c21 cm.
380 _aKsiążki.
504 _aBibliogr. przy rozdz. - Indeks.
546 _aAneks częśc. fr., częśc. tł. z niem.
650 4 _aPrawo
_zPolska.
658 _aPrawo i wymiar sprawiedliwości
655 4 _aPodręczniki akademickie
650 4 _aTeoria prawa
710 2 _aDom Organizatora w Toruniu (Towarzystwo Naukowe Organizacji i Kierownictwa)
_bOddział Toruński "Dom Organizatora".
_4pbl.
856 _uhttp://koha.tu.koszalin.pl/cgi-bin/koha/opac-detail.pl?biblionumber=33798
_yKatalog online BPK
942 _2UKD
_cKS
999 _c33798
_d33798